02029nam a2200517 i 450000100060000000300080000600500170001400600190003100700150005000800410006502000270010603500220013304000310015505000260018608000100021208200190022210000390024124000570028024500760033726400850041330000250049833600310052333700330055433800430058758800830063059001620071365000460087565000350092165000460095665000280100265000230103065000310105365000290108465000250111365000230113865100310116165100330119265500270122565500240125265500240127670000410130070000720134179700180141385600630143199900170149445085FINmELB20241216231653.0m o u cr cn|||||||||220920s2006 sp o 000 f spa d z9788496356825qimpreso a(OCoLC)1345545617 aFINmELBbspaerdacFINmELB14aPR4747.A67bH373 2006 a82-3104a823.8aFic2231 aHardy, Thomas,d1840-1928,eautor.10aReturn of the native.lEspañol.s(Pérez Pérez)13aEl regreso del nativo /cThomas Hardy ; traducción de Esther Pérez. 1a[Mataró, España] :bEdiciones de Intervención Cultural/Montesinos,c[2006] a1 recurso en línea atextobtxt2rdacontent/spa acomputadorabc2rdamedia/spa arecurso en líneabcr2rdacarrier/spa aDescripción basada en metadatos suministrados por el editor y otras fuentes. aRecurso electrónico. Santa Fe, Arg.: elibro, 2022. Disponible vía World Wide Web. El acceso puede estar limitado para las bibliotecas afiliadas a elibro. 0aPeople with visual disabilitiesvFiction. 4aSelección de parejavNovela. 4aPersonas con discapacidad visualvNovela. 4aMadres e hijosvNovela. 4aAdulteriovNovela. 0aMothers and sonsvFiction. 0aMate selectionvFiction. 0aHeathlandsvFiction. 0aAdulteryvFiction. 0aWessex (England)vFiction. 4aWessex (Inglaterra)vNovela. 4aLibros electrónicos. 4aNovela didáctica. 4aNovela romántica.1 aPérez Pérez, Esther,etraductor.1 iTraducción de:aHardy, Thomas,d1840-1928.tReturn of the native.2 aelibro, Corp.40uhttps://elibro.net/ereader/politecnicointernacional/212427 c45085d45085